000 01220nam a2200217Ia 4500
003 Ost
005 20260507075109.0
008 260507s9999||||xx |||||||||||||| ||und||
040 _cfsecg
041 _aara
082 _a330
100 _aابو نصر، فضيل
_eمؤلف
245 0 _aالانسان العالمي :
_bالعولمة العالمية /
_c فضيل ابو نصر
260 _aبيروت:
_bبيسان للنشر والتوزيع والعلام,
_c2001
300 _a160 صفحة؛
_c20 سم
520 _aيشكل كتاب الإنسان العالمي الحلقة الرابعة والأخيرة من رباعية شملت لحد الأن جولة من القضايا الدولية المعاصرة ، ولبنان اليوم وغد بين الغربنة والأسلمة ان الإنسان العالمي يرصد معركة التاريخ واتجاهاتها بالنظام العالمي ويدل إلى المرحلة التي وصل اليها هذا النظام اليوم ويشير الى ما وصل اليه وما سيؤول اليه في المستقبل
653 _aالعولمة
653 _aالكوكبة
653 _aانسان عالمي
942 _cكتاب
999 _c42847
_d42847